[Event "Zonal 2.4 2011 - Women"]
[Site "Araruama/RJ "]
[Date "2011.06.23"]
[Round "10"]
[Board "1"]
[White "Aliaga Fernandez, Ingrid Y"]
[Black "Feliciano, Vanessa"]
[Result "1/2-1/2"]
[WhiteElo "2157"]
[BlackElo "2138"]
[PlyCount "99"]
[EventDate "2011.06.18"]
[EventRounds "14"]
[EventCountry "BRA"]

1.e4 c5 2.Nf3 Nc6 3.d4 cxd4 4.Nxd4 Nf6 5.Nc3 e5 6.Ndb5 d6 7.Bg5 a6 8.Na3 b5
9.Nd5 Be7 10.Bxf6 Bxf6 11.c3 O-O 12.Nc2 Bg5 13.a4 bxa4 14.Rxa4 a5 15.Bc4 Rb8
16.b3 Kh8 17.Nce3 g6 18.h4 Bxh4 19.g3 Bg5 20.f4 exf4 21.gxf4 Bh4+ 22.Kd2 Ne7
23.Kc1 Nxd5 24.Nxd5 Be6 25.Qd4+ Kg8 26.Ra2 Bxd5 27.Rah2 Bxc4 28.Rxh4 Qb6 29.Qxb6
Rxb6 30.bxc4 h5 31.Rg1 Kg7 32.Rxh5 Re8 33.Rxa5 Rxe4 34.f5 Rxc4 35.fxg6 fxg6
36.Rag5 d5 37.Rxd5 Rxc3+ 38.Kd2 Ra3 39.Rd7+ Kf6 40.Rf1+ Ke6 41.Rff7 Rb2+ 42.Kc1
Rg2 43.Rde7+ Kd6 44.Rd7+ Ke5 45.Rde7+ Kd4 46.Rd7+ Kc4 47.Rc7+ Kb3 48.Rf3+ Ka2
49.Rxa3+ Kxa3 50.Rb7 1/2-1/2

[Event "Zonal 2.4 2011 - Women"]
[Site "Araruama/RJ "]
[Date "2011.06.23"]
[Round "10"]
[Board "1"]
[White "Heinrichs, Vivian"]
[Black "Delai Paula, Fernanda"]
[Result "0-1"]
[WhiteElo "1918"]
[BlackElo "2030"]
[PlyCount "116"]
[EventDate "2011.06.18"]
[EventRounds "14"]
[EventCountry "BRA"]

1.e4 c5 2.Nc3 Nc6 3.f4 e6 4.Nf3 Nge7 5.d4 Nxd4 6.Nxd4 cxd4 7.Qxd4 Nc6 8.Qf2 d5
9.exd5 exd5 10.Bd3 Be7 11.O-O O-O 12.Qf3 Nb4 13.Rd1 Qb6+ 14.Kh1 d4 15.Nd5 Nxd5
16.Qxd5 Bg4 17.Rf1 Be6 18.Qh5 g6 19.Qe2 f5 20.Re1 Rf6 21.Bc4 Bxc4 22.Qxc4+ Kf8
23.Re5 Rd8 24.b3 Qc6 25.Qe2 Qc3 26.Rb1 d3 27.cxd3 Qxd3 28.Qxd3 Rxd3 29.Bb2 Rfd6
30.Kg1 Rd2 31.Kf1 Kf7 32.Re2 Rd1+ 33.Re1 Rxb1 34.Rxb1 Rd2 35.Bc1 Rxa2 36.Be3 Ke6
37.Rc1 Bd6 38.g3 Kd5 39.Bf2 a6 40.Rd1+ Kc6 41.Rc1+ Kb5 42.h4 a5 43.Rd1 Bc5
44.Bxc5 Kxc5 45.Rd7 b5 46.Rxh7 Rb2 47.h5 gxh5 48.Rxh5 Rxb3 49.Rxf5+ Kd4 50.Kf2
a4 51.Rf8 a3 52.Rd8+ Ke4 53.Re8+ Kf5 54.Re5+ Kg6 55.Re1 b4 56.g4 a2 57.Ra1 Rb2+
58.Ke3 b3 0-1

[Event "Zonal 2.4 2011 - Women"]
[Site "Araruama/RJ "]
[Date "2011.06.23"]
[Round "10"]
[Board "1"]
[White "Chang, Suzana"]
[Black "Terao, Juliana Sayumi"]
[Result "0-1"]
[WhiteElo "2014"]
[BlackElo "2169"]
[PlyCount "104"]
[EventDate "2011.06.18"]
[EventRounds "14"]
[EventCountry "BRA"]

1.d4 Nf6 2.c4 e6 3.Nc3 Bb4 4.Qc2 d5 5.Nf3 c5 6.e3 Nc6 7.cxd5 exd5 8.Be2 O-O
9.O-O cxd4 10.exd4 Bg4 11.Be3 Rc8 12.Qd3 Re8 13.Rac1 Ne4 14.Ne5 Bf5 15.Nxe4 Bxe4
16.Nxc6 Rxc6 17.Qd1 Rxc1 18.Bxc1 Bd6 19.Bd3 Qc7 20.g3 Bxd3 21.Qxd3 Qc4 22.Qxc4
dxc4 23.Be3 f5 24.Rc1 Rc8 25.Bd2 Kf7 26.Re1 b5 27.a3 h6 28.h4 Ra8 29.Ba5 g6
30.Kg2 a6 31.Kf3 Ra7 32.g4 fxg4+ 33.Kxg4 h5+ 34.Kf3 Be7 35.Re4 Bf6 36.Bb6 Rd7
37.Bc5 Rd5 38.Ke3 Rd8 39.Kd2 Re8 40.Rf4 Ke6 41.Kc3 Bd8 42.Kb4 Kd5 43.Rf7 Kc6
44.d5+ Kxd5 45.Rd7+ Ke5 46.Rd6 Kf5 47.Rxa6 Bxh4 48.Kxb5 Bf6 49.Kxc4 Bxb2 50.Ra7
h4 51.Rb7 Be5 52.Rb5 h3 0-1

[Event "Zonal 2.4 2011 - Women"]
[Site "Araruama/RJ "]
[Date "2011.06.24"]
[Round "11"]
[Board "1"]
[White "Terao, Juliana Sayumi"]
[Black "Heinrichs, Vivian"]
[Result "1-0"]
[WhiteElo "2169"]
[BlackElo "1918"]
[PlyCount "91"]
[EventDate "2011.06.18"]
[EventRounds "14"]
[EventCountry "BRA"]

1.e4 c5 2.Nf3 e6 3.c3 Nf6 4.e5 Nd5 5.d4 cxd4 6.Qxd4 Nc6 7.Qc4 f5 8.Qe2 Qc7 9.g3
b5 10.Bg2 a5 11.O-O Ba6 12.Rd1 Be7 13.Bg5 O-O 14.Bxe7 Ndxe7 15.Nbd2 Ng6 16.Re1
b4 17.c4 a4 18.Rac1 Rae8 19.h4 Rc8 20.b3 a3 21.Rcd1 Nge7 22.Ng5 h6 23.Nh3 Nd5
24.Bxd5 exd5 25.Qf3 dxc4 26.Qd5+ Kh7 27.Nxc4 Bxc4 28.bxc4 Rfe8 29.e6 dxe6
30.Rxe6 Ne7 31.Qf3 Rf8 32.Rde1 Ng8 33.Qh5 Kh8 34.Nf4 Kh7 35.Qg6+ Kh8 36.Nh5 Qf7
37.Nf4 Rc7 38.c5 Rxc5 39.Re8 Rxe8 40.Qxf7 Rxe1+ 41.Kg2 Nf6 42.Qf8+ Kh7 43.Qxc5
b3 44.Qxf5+ Kg8 45.Qc8+ Kh7 46.Qc3 1-0

[Event "Zonal 2.4 2011 - Women"]
[Site "Araruama/RJ "]
[Date "2011.06.24"]
[Round "11"]
[Board "1"]
[White "Delai Paula, Fernanda"]
[Black "Aliaga Fernandez, Ingrid Y"]
[Result "0-1"]
[WhiteElo "2030"]
[BlackElo "2157"]
[PlyCount "130"]
[EventDate "2011.06.18"]
[EventRounds "14"]
[EventCountry "BRA"]

1.e4 c5 2.Nf3 e6 3.Qe2 Nc6 4.g3 Nge7 5.Bg2 g6 6.c3 Bg7 7.O-O d5 8.d3 b6 9.e5 Qc7
10.Re1 a5 11.h4 h6 12.Bf4 Ba6 13.Nbd2 Rd8 14.Nf1 Rd7 15.N1h2 h5 16.Ng5 b5
17.Nhf3 Nf5 18.Bh3 Nce7 19.Kg2 Qc6 20.Rh1 Nh6 21.Rhd1 Nef5 22.Kg1 Bf8 23.a3 Be7
24.Qd2 Bb7 25.Bg2 a4 26.Re1 Qc7 27.Rad1 Kf8 28.d4 Kg7 29.Bf1 Ba6 30.Bd3 Qb6
31.Bc2 Rc7 32.Nh3 cxd4 33.Nxd4 Nxd4 34.cxd4 b4 35.Bg5 bxa3 36.Bxe7 Rxe7 37.bxa3
Rc7 38.Bxa4 Rhc8 39.Rb1 Qa7 40.Rb4 Nf5 41.Ng5 Rc3 42.Bb3 Rd3 43.Qf4 Rcc3 44.Rb1
Rxd4 45.Rxd4 Qxd4 46.Qxd4 Nxd4 47.Ba4 Rxa3 48.Be8 Nf3+ 49.Nxf3 Rxf3 50.Ra1 Bd3
51.Ra7 Kf8 52.Bd7 Be4 53.Ra8+ Kg7 54.Ra7 Rb3 55.Kh2 Rb1 56.g4 Rh1+ 57.Kg3 Rg1+
58.Kf4 Rxg4+ 59.Ke3 d4+ 60.Ke2 Bf5 61.Be8 Rxh4 62.Rxf7+ Kh6 63.Rf6 Re4+ 64.Kd3
Rf4+ 65.Ke2 Kg5 0-1

[Event "Zonal 2.4 2011 - Women"]
[Site "Araruama/RJ "]
[Date "2011.06.24"]
[Round "11"]
[Board "1"]
[White "Feliciano, Vanessa"]
[Black "Reis, Virginia Lagrange M"]
[Result "1-0"]
[WhiteElo "2138"]
[BlackElo "1840"]
[PlyCount "67"]
[EventDate "2011.06.18"]
[EventRounds "14"]
[EventCountry "BRA"]

1.e4 e6 2.d4 d5 3.Nc3 Bb4 4.e5 Ne7 5.a3 Bxc3+ 6.bxc3 c5 7.h4 Nbc6 8.h5 h6 9.Qg4
Rg8 10.Nf3 Qa5 11.Bd2 Qb6 12.Bd3 Nf5 13.O-O c4 14.Rfb1 Qc7 15.Bxf5 exf5 16.Qg3
Kf8 17.a4 Be6 18.Bc1 b6 19.Ba3+ Ke8 20.Bd6 Qd7 21.Qf4 Na5 22.Nd2 Rd8 23.Nf1 Nb7
24.Bb4 Rc8 25.Ne3 Na5 26.Bxa5 bxa5 27.Rb5 Ke7 28.Rab1 a6 29.Qh4+ f6 30.Rb6 Rc6
31.exf6+ gxf6 32.Qf4 Rxb6 33.Rxb6 Rh8 34.Rxa6 1-0

[Event "Zonal 2.4 2011 - Women"]
[Site "Araruama/RJ "]
[Date "2011.06.25"]
[Round "12"]
[Board "1"]
[White "Reis, Virginia Lagrange M"]
[Black "Delai Paula, Fernanda"]
[Result "0-1"]
[WhiteElo "1840"]
[BlackElo "2030"]
[PlyCount "128"]
[EventDate "2011.06.18"]
[EventRounds "14"]
[EventCountry "BRA"]

1.e4 c5 2.Nf3 g6 3.Nc3 Bg7 4.Be2 Nc6 5.d3 d6 6.Be3 Nd4 7.Qc1 Nxe2 8.Nxe2 Bg4
9.h3 Bxf3 10.gxf3 h5 11.c3 Qd7 12.h4 e6 13.d4 cxd4 14.Nxd4 d5 15.Qd2 Ne7
16.O-O-O O-O-O 17.Kb1 Kb8 18.Qe2 Ka8 19.c4 e5 20.Nb3 d4 21.Bg5 f6 22.Bc1 f5
23.Bg5 f4 24.Rhg1 Rc8 25.Bxe7 Qxe7 26.Rxg6 Bf6 27.Rdg1 Qf7 28.c5 Rhg8 29.Rxg8
Rxg8 30.Rh1 Qe6 31.Qb5 Rg2 32.Na5 Rg7 33.c6 bxc6 34.Nxc6 Rb7 35.Qc5 Rc7 36.Qf8+
Kb7 37.Na5+ Ka6 38.b4 Be7 39.Qb8 Qb6 40.Qxb6+ axb6 41.Nb3 Bxb4 42.Rg1 Be7 43.Rg7
Kb7 44.Rh7 Bxh4 45.Rxh5 Bf6 46.Kb2 d3 47.Rh2 Be7 48.Kb1 Ba3 49.Rh1 Rc2 50.Rd1
Rb2+ 51.Ka1 Rxf2 52.Nd2 Bb4 53.Nc4 Bc3+ 54.Kb1 Rxf3 55.Kc1 b5 56.Nb2 Bxb2+
57.Kxb2 Re3 58.Kc3 Rxe4 59.Rxd3 Re3 60.Rxe3 fxe3 61.Kd3 Kc6 62.Kxe3 Kd5 63.Kd3
e4+ 64.Ke3 b4 0-1

[Event "Zonal 2.4 2011 - Women"]
[Site "Araruama/RJ "]
[Date "2011.06.25"]
[Round "12"]
[Board "1"]
[White "Aliaga Fernandez, Ingrid Y"]
[Black "Terao, Juliana Sayumi"]
[Result "1/2-1/2"]
[WhiteElo "2157"]
[BlackElo "2169"]
[PlyCount "93"]
[EventDate "2011.06.18"]
[EventRounds "14"]
[EventCountry "BRA"]

1.e4 e5 2.Nf3 Nc6 3.d4 exd4 4.Nxd4 Bb4+ 5.c3 Bc5 6.Be3 Bb6 7.Nxc6 bxc6 8.Bxb6
axb6 9.Qg4 g6 10.Bd3 Nf6 11.Qg3 O-O 12.O-O d5 13.e5 Nh5 14.Qe3 Re8 15.Nd2 f6
16.f4 fxe5 17.fxe5 Qe7 18.Rfe1 Rf8 19.a4 Nf4 20.Bf1 c5 21.Bb5 Bb7 22.Bf1 c4
23.Nf3 c5 24.Ra3 Kg7 25.Rea1 Ne6 26.Nd2 Rac8 27.a5 b5 28.a6 Ba8 29.a7 d4 30.Qg3
Rc7 31.Ra5 Rb7 32.Ne4 Nf4 33.Nd6 Rd7 34.Rxb5 Rxa7 35.Re1 Nh5 36.Qh3 d3 37.Nc8
Qf7 38.Qe3 Rxc8 39.Rxc5 Rxc5 40.Qxc5 Qc7 41.Qd4 Ra2 42.e6+ Nf6 43.e7 Bc6 44.Re6
Qa7 45.Qxa7 Rxa7 46.Rxc6 Rxe7 47.Rxc4 1/2-1/2

[Event "Zonal 2.4 2011 - Women"]
[Site "Araruama/RJ "]
[Date "2011.06.25"]
[Round "12"]
[Board "1"]
[White "Heinrichs, Vivian"]
[Black "Chang, Suzana"]
[Result "1-0"]
[WhiteElo "1918"]
[BlackElo "2014"]
[PlyCount "49"]
[EventDate "2011.06.18"]
[EventRounds "14"]
[EventCountry "BRA"]

1.e4 c5 2.Nc3 e6 3.f4 Nc6 4.Nf3 a6 5.g3 d5 6.d3 Nge7 7.Bg2 b5 8.O-O b4 9.Ne2 g6
10.Be3 d4 11.Bd2 f5 12.Ng5 h6 13.Nh3 Bg7 14.Nf2 O-O 15.g4 Bb7 16.Ng3 Qd7 17.Qe2
Rae8 18.Rae1 e5 19.gxf5 exf4 20.Bxf4 gxf5 21.Qh5 Nd8 22.Bxh6 f4 23.Bxg7 Kxg7
24.Qg5+ Ng6 25.Nh5+ 1-0

[Event "Zonal 2.4 2011 - Women"]
[Site "Araruama/RJ "]
[Date "2011.06.25"]
[Round "13"]
[Board "1"]
[White "Chang, Suzana"]
[Black "Aliaga Fernandez, Ingrid Y"]
[Result "1/2-1/2"]
[WhiteElo "2014"]
[BlackElo "2157"]
[PlyCount "102"]
[EventDate "2011.06.18"]
[EventRounds "14"]
[EventCountry "BRA"]

1.e4 c5 2.Nf3 d6 3.d4 cxd4 4.Qxd4 a6 5.Be3 Nc6 6.Qb6 Qxb6 7.Bxb6 Nf6 8.Nc3 e6
9.h3 Be7 10.O-O-O O-O 11.Be2 Bd7 12.Rhe1 Rfc8 13.Kb1 Kf8 14.Bf1 Be8 15.Nd2 Nd7
16.Na4 Rab8 17.Nc4 Nxb6 18.Naxb6 Rd8 19.c3 Ne5 20.f4 Nxc4 21.Nxc4 b5 22.Nd2 Bc6
23.Nf3 g6 24.Bd3 Ba8 25.Re2 Bf6 26.Rc2 Rb6 27.Rcd2 Be7 28.Re2 Bf6 29.Red2 Be7
30.Re2 Rdb8 31.Bc2 Rc8 32.Bd3 Bb7 33.Rc1 Bf6 34.Rd1 Rc5 35.Nd2 Rc7 36.Nf3 Be7
37.Rc1 Bf6 38.Rd1 h6 39.Red2 Be7 40.Re2 Bf6 41.Red2 a5 42.Rc1 Ba6 43.Rdc2 Rd7
44.Rd1 e5 45.g3 Ke7 46.Rcd2 Rc7 47.Rc2 Rbc6 48.Rdc1 Kf8 49.a3 a4 50.Rd1 Ke7
51.Re2 Rb6 1/2-1/2

[Event "Zonal 2.4 2011 - Women"]
[Site "Araruama/RJ "]
[Date "2011.06.25"]
[Round "13"]
[Board "1"]
[White "Terao, Juliana Sayumi"]
[Black "Reis, Virginia Lagrange M"]
[Result "1-0"]
[WhiteElo "2169"]
[BlackElo "1840"]
[PlyCount "33"]
[EventDate "2011.06.18"]
[EventRounds "14"]
[EventCountry "BRA"]

1.e4 e5 2.Nf3 Nc6 3.Bb5 a6 4.Ba4 Nf6 5.d3 Be7 6.Bxc6 dxc6 7.Nxe5 O-O 8.O-O Bd6
9.Nf3 Re8 10.Re1 Ng4 11.d4 Re6 12.e5 Be7 13.Nc3 Rg6 14.Ne2 f6 15.Nf4 Rh6 16.h3
fxe5 17.dxe5 1-0

[Event "Zonal 2.4 2011 - Women"]
[Site "Araruama/RJ "]
[Date "2011.06.25"]
[Round "13"]
[Board "1"]
[White "Delai Paula, Fernanda"]
[Black "Feliciano, Vanessa"]
[Result "0-1"]
[WhiteElo "2030"]
[BlackElo "2138"]
[PlyCount "42"]
[EventDate "2011.06.18"]
[EventRounds "14"]
[EventCountry "BRA"]

1.e4 e5 2.Nf3 Qe7 3.Nc3 c6 4.d4 d6 5.Bg5 Nf6 6.dxe5 dxe5 7.h3 h6 8.Bh4 Nbd7 9.a3
g5 10.Bg3 Bg7 11.Bc4 O-O 12.Nd2 Rd8 13.Qe2 Nf8 14.Nf1 Ng6 15.Ne3 Nf4 16.Qf3 Rd4
17.Bb3 h5 18.Nf5 Bxf5 19.exf5 g4 20.hxg4 hxg4 21.Qe3 Nxg2+ 0-1

[Event "Zonal 2.4 2011 - Women"]
[Site "Araruama/RJ "]
[Date "2011.06.26"]
[Round "14"]
[Board "1"]
[White "Feliciano, Vanessa"]
[Black "Terao, Juliana Sayumi"]
[Result "1/2-1/2"]
[WhiteElo "2138"]
[BlackElo "2169"]
[PlyCount "102"]
[EventDate "2011.06.18"]
[EventRounds "14"]
[EventCountry "BRA"]

1.e4 e5 2.Nf3 Nf6 3.d4 Nxe4 4.Bd3 d5 5.dxe5 Be7 6.O-O O-O 7.Nc3 Nxc3 8.bxc3 f6
9.Rb1 Bg4 10.e6 Qc8 11.Re1 Nc6 12.Bf4 Ne5 13.Bxe5 fxe5 14.Rxe5 Bxf3 15.gxf3 Bd6
16.Bxh7+ Kxh7 17.Rh5+ Kg8 18.Qxd5 Rf6 19.Re1 Be7 20.Qe4 g6 21.Rg5 Kg7 22.h4 Qh8
23.h5 Qh6 24.Qe5 Bd6 25.Qb5 Re8 26.f4 Re7 27.Qd5 Bxf4 28.Rg4 Bd6 29.c4 b6 30.Kg2
Kf8 31.Rh1 g5 32.Re1 Rfxe6 33.Rxe6 Qxe6 34.Qxg5 Ke8 35.h6 Qe5 36.Qh4 Qf5 37.Qh3
Kd7 38.Kf1 Rf7 39.Qh4 Bc5 40.Rg7 Be7 41.Qd4+ Ke6 42.h7 Qh3+ 43.Kg1 Rxg7+ 44.Qxg7
Bf6 45.Qxc7 Qg4+ 46.Kf1 Qd1+ 47.Kg2 Qg4+ 48.Kf1 Qd1+ 49.Kg2 Qd7 50.Qh2 Qd4
51.Qc7 Qg4+ 1/2-1/2

[Event "Zonal 2.4 2011 - Women"]
[Site "Araruama/RJ "]
[Date "2011.06.26"]
[Round "14"]
[Board "1"]
[White "Reis, Virginia Lagrange M"]
[Black "Chang, Suzana"]
[Result "0-1"]
[WhiteElo "1840"]
[BlackElo "2014"]
[PlyCount "74"]
[EventDate "2011.06.18"]
[EventRounds "14"]
[EventCountry "BRA"]

1.e4 c5 2.Nf3 e6 3.c4 Nc6 4.Be2 Nge7 5.d4 cxd4 6.Nxd4 Nxd4 7.Qxd4 Nc6 8.Qd1 Bb4+
9.Bd2 Bc5 10.O-O O-O 11.Nc3 d6 12.Na4 Qe7 13.Bc3 e5 14.Nxc5 dxc5 15.Bg4 Rd8
16.Qe2 Nd4 17.Bxd4 Rxd4 18.Bxc8 Rxc8 19.Rfd1 Qd7 20.Rxd4 cxd4 21.b3 b5 22.Rd1
bxc4 23.bxc4 Qa4 24.Rb1 h6 25.Rc1 Qa3 26.Qd2 Rb8 27.h3 Rb2 28.Qd1 Qxa2 29.c5
Rxf2 30.Qg4 Qb2 31.Rd1 Rf6 32.Qc8+ Kh7 33.c6 Qc2 34.Rxd4 Qf2+ 35.Kh1 Qf1+ 36.Kh2
Qf4+ 37.Kg1 exd4 0-1

[Event "Zonal 2.4 2011 - Women"]
[Site "Araruama/RJ "]
[Date "2011.06.26"]
[Round "14"]
[Board "1"]
[White "Aliaga Fernandez, Ingrid Y"]
[Black "Heinrichs, Vivian"]
[Result "1-0"]
[WhiteElo "2157"]
[BlackElo "1918"]
[PlyCount "49"]
[EventDate "2011.06.18"]
[EventRounds "14"]
[EventCountry "BRA"]

1.e4 c5 2.Nf3 e6 3.b4 cxb4 4.a3 Nf6 5.e5 Nd5 6.axb4 Bxb4 7.c3 Be7 8.d4 Qc7 9.Qb3
d6 10.c4 Nb6 11.exd6 Bxd6 12.Nc3 Be7 13.Nb5 Qc6 14.Ne5 Qe4+ 15.Be3 Na6 16.f3
Qh4+ 17.g3 Qf6 18.Rxa6 bxa6 19.Nc7+ Kf8 20.Nxa8 Bd6 21.Nxb6 axb6 22.Qxb6 Qe7
23.Bf4 Bb4+ 24.Kf2 Bc3 25.Ng6+ 1-0